|
|
|
|
| LEADER |
00000nam a2200000 i 4500 |
| 001 |
1/66757 |
| 008 |
980914s1981 eng d |
| 020 |
|
|
|a 9280111140
|
| 035 |
|
|
|l 10029877
|
| 040 |
|
|
|a GR-MY-UA
|b gre
|e aacr
|
| 041 |
0 |
|
|a eng
|
| 082 |
0 |
|
|a 341.75665
|
| 110 |
2 |
|
|a Supplement relating to the International Convention on Load Lines.
|
| 245 |
1 |
0 |
|a Supplement relating to the International Convention on Load Lines, 1966 :
|b containing amendaments adopted by the ...Lines
|
| 260 |
|
|
|a London :
|b IMO,
|c 1981
|
| 300 |
|
|
|a 49 p.
|
| 650 |
0 |
0 |
|a Load-line.
|
| 710 |
2 |
|
|a International Maritime Organization.
|
| 852 |
|
|
|a INST
|b CHIOS
|e 19980914
|h 341.75665 SUP
|p 005200015684
|q 005200015684
|t BK
|y 0
|
| 901 |
|
|
|a BIBL-1998-3
|
| 909 |
|
|
|a Χ
|b 054780
|
| 922 |
|
|
|a 2ΕΛΗ
|b 199809
|c ΤΝΕΥ
|d ΜΑΝΤΑΡΑΚΗΣ
|